| 000 | 00644nam a2200205 i 4500 | ||
|---|---|---|---|
| 001 | 134715 | ||
| 003 | ES-MaACL | ||
| 005 | 20230906194730.0 | ||
| 007 | t| | ||
| 008 | 070913n1900 fr ||||1| fre d | ||
| 080 | _a821.133.1 | ||
| 100 | 1 |
_aChivot, Henri. _9139930 |
|
| 245 | 1 | 0 |
_aBoccace _b: opéra-comique en trois actes / _cparoles de H. Chivot & A. Duru ; musique de Franz de Suppé. |
| 260 |
_aParis : _bCalmann-Lévy, _c[19-?] |
||
| 300 |
_a158 p. ; _c19 p. |
||
| 500 | _aBiblioteca Jacinto Martínez Lacalle. | ||
| 700 | 1 |
_aDuru, Alfred. _9139929 |
|
| 700 | 1 |
_aSuppé, Franz de. _9108806 |
|
| 852 |
_aES-MaACL _jE-12119 _bR.140276 |
||
| 999 |
_c134715 _d134715 |
||